Statistics for Countries. Beginning with E

Click here to take the quiz!

General Stats

  • This quiz has been taken 27 times
  • The average score is 7 of 8

Answer Stats

HintAnswer% Correct
South AmericaEcuador
100%
North AmericaEl Salvador
100%
AfricaEritrea
95%
AfricaEthiopia
95%
EuropeEstonia
86%
AfricaEswatini
82%
AfricaEgypt
77%
AfricaEquatorial Guinea
68%

Score Distribution

Percentile by Number Answered

Percent of People with Each Score

Your Score History

You have not taken this quiz